The relevance of cost benefit analysis in a free market economy (Record no. 26660)

000 -LEADER
fixed length control field 00955pab a2200145 454500
008 - FIXED-LENGTH DATA ELEMENTS--GENERAL INFORMATION
fixed length control field 180718b xxu||||| |||| 00| 0 eng d
100 ## - MAIN ENTRY--PERSONAL NAME
Personal name Ramachandran Vijay
245 ## - TITLE STATEMENT
Title The relevance of cost benefit analysis in a free market economy
362 ## - DATES OF PUBLICATION AND/OR SEQUENTIAL DESIGNATION
Dates of publication and/or sequential designation 24(3), Oct-Dec 1992, p.172-78
520 ## - SUMMARY, ETC.
Summary, etc. The first part of this paper describes the environment of a free market economy and the dangers for a developing country in leaving decisions on investments to be settled in the market place. The second part highlights specific techniques used in cost benefit analysis which make it an effective surrogate for free market forces in the allocation of resources. The concluding part establishes the necessity of circumscribing the extent of government interventiion in market forces to ensure optimal efficiency coupled with social welfare
650 ## - SUBJECT ADDED ENTRY--TOPICAL TERM
Topical term or geographic name entry element Cost Benefit Analysis
650 ## - SUBJECT ADDED ENTRY--TOPICAL TERM
Topical term or geographic name entry element Cost Effectiveness
773 ## - HOST ITEM ENTRY
Main entry heading Management in Government
909 ## -
-- 26660
Holdings
Withdrawn status Lost status Damaged status Not for loan Permanent Location Current Location Date acquired Barcode Date last seen Price effective from Koha item type
        Indian Institute of Public Administration Indian Institute of Public Administration 2018-07-19 AR26762 2018-07-19 2018-07-19 Articles

Powered by Koha